MARC details
| 000 -LEADER |
| fixed length control field |
04054nam a22004578i 4500 |
| 001 - CONTROL NUMBER |
| control field |
BDZ0057054660 |
| 003 - CONTROL NUMBER IDENTIFIER |
| control field |
StDuBDS |
| 005 - DATE AND TIME OF LATEST TRANSACTION |
| control field |
20260310112426.0 |
| 006 - FIXED-LENGTH DATA ELEMENTS--ADDITIONAL MATERIAL CHARACTERISTICS |
| fixed length control field |
m|||||o||d|||||||| |
| 007 - PHYSICAL DESCRIPTION FIXED FIELD--GENERAL INFORMATION |
| fixed length control field |
cr ||||||||||| |
| 008 - FIXED-LENGTH DATA ELEMENTS--GENERAL INFORMATION |
| fixed length control field |
250303s2025 enk fo 000|0 eng|d |
| 020 ## - INTERNATIONAL STANDARD BOOK NUMBER |
| International Standard Book Number |
9781800884311 (PDF ebook) : |
| Terms of availability |
89.00 |
| 040 ## - CATALOGING SOURCE |
| Original cataloging agency |
StDuBDS |
| Language of cataloging |
eng |
| Description conventions |
rda |
| -- |
pn |
| Transcribing agency |
StDuBDS |
| Modifying agency |
StDuBDSZ |
| 050 #4 - LIBRARY OF CONGRESS CALL NUMBER |
| Classification number |
KF5698 |
| Item number |
.M5 2025 |
| 072 #7 - SUBJECT CATEGORY CODE |
| Subject category code |
LAW |
| Source |
ukslc |
| 072 #7 - SUBJECT CATEGORY CODE |
| Subject category code |
LN |
| Source |
bicssc |
| 072 #7 - SUBJECT CATEGORY CODE |
| Subject category code |
LNSH |
| Source |
bicssc |
| 072 #7 - SUBJECT CATEGORY CODE |
| Subject category code |
LNKJ |
| Source |
bicssc |
| 072 #7 - SUBJECT CATEGORY CODE |
| Subject category code |
LN |
| Source |
thema |
| 072 #7 - SUBJECT CATEGORY CODE |
| Subject category code |
LNSH |
| Source |
thema |
| 072 #7 - SUBJECT CATEGORY CODE |
| Subject category code |
LNKJ |
| Source |
thema |
| 082 04 - DEWEY DECIMAL CLASSIFICATION NUMBER |
| Classification number |
346.73045 |
| Edition number |
23 |
| 100 1# - MAIN ENTRY--PERSONAL NAME |
| Personal name |
Miller, Stephen R., |
| Dates associated with a name |
1975- |
| Relator term |
author. |
| 245 10 - TITLE STATEMENT |
| Title |
Advanced introduction to U.S. land use law |
| Medium |
[electronic resource] / |
| Statement of responsibility, etc. |
Stephen R. Miller. |
| 264 #1 - PRODUCTION, PUBLICATION, DISTRIBUTION, MANUFACTURE, AND COPYRIGHT NOTICE |
| Place of production, publication, distribution, manufacture |
Cheltenham : |
| Name of producer, publisher, distributor, manufacturer |
Edward Elgar Publishing, |
| Date of production, publication, distribution, manufacture, or copyright notice |
2025. |
| 300 ## - PHYSICAL DESCRIPTION |
| Extent |
1 online resource (190 pages). |
| 336 ## - CONTENT TYPE |
| Content type term |
text |
| Source |
rdacontent |
| 337 ## - MEDIA TYPE |
| Media type term |
computer |
| Source |
rdamedia |
| 338 ## - CARRIER TYPE |
| Carrier type term |
online resource |
| Source |
rdacarrier |
| 366 ## - TRADE AVAILABILITY INFORMATION |
| Detailed date of publication |
20250214 |
| Availability status code |
Available |
| 490 1# - SERIES STATEMENT |
| Series statement |
Elgar advanced introductions |
| 505 0# - FORMATTED CONTENTS NOTE |
| Formatted contents note |
Contents -- 1 Introduction to Land Use Law -- 2 Authority to Engage in Land Use Regulation -- 3 The Comprehensive Plan -- 4 Zoning and its Alternatives -- 5 Land Use Administration -- 6 Subdivisions -- 7 Land Use and the Structure of Local Government -- 8 Land Use and the Environment -- 9 Special Topics in Land Use -- 10 Federal Interests in Land Use -- 11 Constitutional Limitations on Land Use Controls -- 12 Ethics |
| 520 8# - SUMMARY, ETC. |
| Summary, etc. |
This incisive and approachable book presents an overview of land use law and policy in the United States. Stephen R. Miller examines the legal processes that empower and restrict professional urban planning practice, through a narrative that brings together classic cases, innovative codes, and constitutional law. |
| Expansion of summary note |
Elgar Advanced Introductions are stimulating and thoughtful introductions to major fields in the social sciences, business and law, expertly written by the world's leading scholars. Designed to be accessible yet rigorous, they offer concise and lucid surveys of the substantive and policy issues associated with discrete subject areas.This incisive and approachable book presents an overview of land use law and policy in the United States. Stephen R. Miller examines the legal processes that empower and restrict professional urban planning practice, through a narrative that brings together classic cases, innovative codes, and constitutional law.Key land use planning tools, decision making processes and power structures are highlighted in chapters that stress both new alternatives as well as legal limitations. The book also outlines common constitutional claims in land use law while exploring solutions to many of urban planning's most challenging problems.Key Features:Explores all three legal systems for land use control in the USA: common law, private agreements, such as restrictive covenants, and public regulation, such as zoningAnalyzes traditional zoning and its alternatives, as well as tens of related concepts such as comprehensive plans, subdivisions, and impact feesPresents new solutions to challenging problems like affordable housing, climate change, environmental justice, and universal design within statutory and constitutional limitationsInformative and engaging, the Advanced Introduction to U.S. Land Use Law is a necessary resource for students and academics in law, urban planning, and environmental studies. It will also benefit city council members, local government staff, architects, and environmental consultants involved in planning and zoning matters. |
| 588 ## - SOURCE OF DESCRIPTION NOTE |
| Source of description note |
Description based on CIP data; resource not viewed. |
| 650 #0 - SUBJECT ADDED ENTRY--TOPICAL TERM |
| Topical term or geographic name entry element |
Land use |
| General subdivision |
Law and legislation |
| Geographic subdivision |
United States. |
| 650 #7 - SUBJECT ADDED ENTRY--TOPICAL TERM |
| Topical term or geographic name entry element |
EBOOK |
| 776 08 - ADDITIONAL PHYSICAL FORM ENTRY |
| Relationship information |
Print version : |
| International Standard Book Number |
9781800884304 |
| 830 #0 - SERIES ADDED ENTRY--UNIFORM TITLE |
| Uniform title |
Elgar advanced introductions. |
| 856 40 - ELECTRONIC LOCATION AND ACCESS |
| Uniform Resource Identifier |
<a href="https://www.vlebooks.com/product/openreader?id=RICS&accId=9491556&isbn=9781800884311">https://www.vlebooks.com/product/openreader?id=RICS&accId=9491556&isbn=9781800884311</a> |
| Public note |
Available via Vlebooks (email [email protected] for access) |
| 942 ## - ADDED ENTRY ELEMENTS (KOHA) |
| Source of classification or shelving scheme |
Dewey Decimal Classification |